Rues du Monopoly français - Mort subite - Statistiques

Statistiques générales
  • Ce quiz a été pris 353 fois
    352 depuis la dernière actualisation
  • Le résultat moyen est 11 sur 16
Answers on the Grid
Answers color-coded by a green-red scale on the quiz's grid according to % correct below.
Champs-Elysées
Lecourbe
Neuilly
Matignon
Mozart
La Paix
Vaugirard
Foch
La Fayette
La Bourse
Courcelles
La Vilette
La République
Paradis
Pigalle
Rivoli
Rennes
Mouffetard
Belleville
Sèvres
Charonne
Oberkampf
La Roquette
Bac
Charles De Gaulle
Lumières
Grand Verger
Arts Libres
Tilleuls Bleus
Lavandières
 
Statistiques - réponses
Réponse % Correct
La Paix
86%
Champs-Elysées
82%
Foch
75%
La Fayette
74%
Vaugirard
71%
Pigalle
70%
Belleville
66%
La Vilette
66%
Paradis
66%
Courcelles
62%
Matignon
60%
La République
58%
Lecourbe
58%
Neuilly
58%
Mozart
54%
La Bourse
52%
Aucun quiz correspondant
Distribution des résultats
% des personnes avec chaque résultat
Percentile par nombre de réponses
Votre historique - résultats
Vous n’avez pas pris ce quiz depuis la dernière actualisation